000 00650nam a2200241Ia 4500
003 OSt
005 20220918220640.0
006 a|||||r|||| 00| 0
007 ta
008 220917b |||||||| |||| 00| 0 eng d
024 _a146,630
037 _cTextual
040 _aARTS
_cARTS
_beng
041 _2eng
_aeng
082 _aY49:3(W).58, L8
100 _aBenson Leslie
_9137978
245 0 _aProlections and parties
_b Five essays in social class
260 _aLondon
_bTavistock
_c1978
300 _a194p.
_ccm.
650 _aSOCIOLOGY
942 _hY49:3(W).58, L8
_cTEXL
_2CC
999 _c269386
_d269386